[Event "Deutsche Ländermeisterschaft 2025"]
[Site "Oer-Erkenschwick GER"]
[Date "2025.10.03"]
[Round "5"]
[White "Kutlar, Aras"]
[Black "Hoffmann, Sophia"]
[Result "1-0"]
[Termination "normal"]
[Board "9.6"]
[WhiteElo "1819"]
[BlackElo "1666"]
[WhiteClock "01:08:13"]
[BlackClock "00:40:09"]
[WhiteTeam "Hamburg 1"]
[BlackTeam "Saarland & Friends"]
[PlyCount "35"]
[WhiteFideId "51682117"]
[BlackFideId "16259130"]
[EventCountry "GER"]
[EventRounds "7"]
[EventType "team-swiss"]
[EventDate "2025.09.30"]

1. e4 {[%clk 01:30:56]} {[%emt 00:00:04]} e5 {[%clk 01:30:56]} {[%emt
00:00:04]} 2. Nf3 {[%clk 01:31:13]} {[%emt 00:00:13]} Nc6 {[%clk 01:31:20]}
{[%emt 00:00:06]} 3. d4 {[%clk 01:31:33]} {[%emt 00:00:10]} exd4 {[%clk
01:31:18]} {[%emt 00:00:32]} 4. Nxd4 {[%clk 01:31:56]} {[%emt 00:00:06]} Bc5
{[%clk 01:31:39]} {[%emt 00:00:09]} 5. Nb3 {[%clk 01:32:21]} {[%emt 00:00:05]}
Bb6 {[%clk 01:30:48]} {[%emt 00:01:21]} 6. Nc3 {[%clk 01:32:32]} {[%emt
00:00:19]} d6 {[%clk 01:30:30]} {[%emt 00:00:48]} 7. Qe2 {[%clk 01:32:44]}
{[%emt 00:00:18]} Be6 {[%clk 01:28:42]} {[%emt 00:02:18]} 8. Be3 {[%clk
01:32:57]} {[%emt 00:00:17]} Nge7 {[%clk 01:27:50]} {[%emt 00:01:22]} 9. O-O-O
{[%clk 01:32:38]} {[%emt 00:00:49]} Qd7 {[%clk 01:26:27]} {[%emt 00:01:53]} 10.
h3 {[%clk 01:31:43]} {[%emt 00:01:25]} O-O-O {[%clk 01:24:34]} {[%emt
00:02:22]} 11. Na4 {[%clk 01:17:47]} {[%emt 00:14:27]} Bxe3+ {[%clk 01:13:44]}
{[%emt 00:11:20]} 12. Qxe3 {[%clk 01:17:55]} {[%emt 00:00:21]} f5 {[%clk
01:06:59]} {[%emt 00:07:16]} 13. Nac5 {[%clk 01:16:29]} {[%emt 00:01:56]} dxc5
{[%clk 00:50:44]} {[%emt 00:16:44]} 14. Rxd7 {[%clk 01:15:30]} {[%emt
00:01:29]} Bxd7 {[%clk 00:50:01]} {[%emt 00:01:13]} 15. Nxc5 {[%clk 01:14:00]}
{[%emt 00:02:00]} fxe4 {[%clk 00:48:08]} {[%emt 00:02:24]} 16. Bc4 {[%clk
01:09:26]} {[%emt 00:05:04]} Ne5 {[%clk 00:40:09]} {[%emt 00:08:28]} 17. Bb5
{[%clk 01:08:13]} Nc4 {[%clk 00:40:09]} 18. Ba4 {[%clk 01:08:13]} 1-0

[Event "Deutsche Ländermeisterschaft 2025"]
[Site "Oer-Erkenschwick GER"]
[Date "2025.10.03"]
[Round "5"]
[White "Didas, Emma"]
[Black "Busch, Lara Sophie"]
[Result "1/2-1/2"]
[Termination "normal"]
[Board "9.7"]
[WhiteElo "1489"]
[BlackElo "1704"]
[WhiteClock "00:26:36"]
[BlackClock "00:36:47"]
[WhiteTeam "Saarland & Friends"]
[BlackTeam "Hamburg 1"]
[PlyCount "43"]
[WhiteFideId "34681612"]
[BlackFideId "34664866"]
[EventCountry "GER"]
[EventRounds "7"]
[EventType "team-swiss"]
[EventDate "2025.09.30"]

1. e4 {[%clk 01:30:58]} {[%emt 00:00:02]} e5 {[%clk 01:30:54]} {[%emt
00:00:07]} 2. Nf3 {[%clk 01:31:23]} {[%emt 00:00:04]} Nc6 {[%clk 01:31:15]}
{[%emt 00:00:08]} 3. Bc4 {[%clk 01:31:46]} {[%emt 00:00:07]} Nf6 {[%clk
01:31:39]} {[%emt 00:00:06]} 4. d3 {[%clk 01:32:07]} {[%emt 00:00:09]} h6
{[%clk 01:32:00]} {[%emt 00:00:10]} 5. c3 {[%clk 01:32:12]} {[%emt 00:00:25]}
d6 {[%clk 01:32:20]} {[%emt 00:00:09]} 6. O-O {[%clk 01:32:12]} {[%emt
00:00:30]} g5 {[%clk 01:32:40]} {[%emt 00:00:10]} 7. Nbd2 {[%clk 01:31:22]}
{[%emt 00:01:20]} Bg7 {[%clk 01:32:49]} {[%emt 00:00:22]} 8. b4 {[%clk
01:29:00]} {[%emt 00:02:51]} O-O {[%clk 01:32:09]} {[%emt 00:01:10]} 9. a4
{[%clk 01:23:27]} {[%emt 00:06:03]} a5 {[%clk 01:30:48]} {[%emt 00:01:51]} 10.
b5 {[%clk 01:20:36]} {[%emt 00:03:20]} Ne7 {[%clk 01:31:01]} {[%emt 00:00:18]}
11. d4 {[%clk 01:15:02]} {[%emt 00:06:04]} exd4 {[%clk 01:23:10]} {[%emt
00:08:22]} 12. cxd4 {[%clk 01:12:41]} {[%emt 00:02:50]} d5 {[%clk 01:23:29]}
{[%emt 00:00:11]} 13. Bd3 {[%clk 01:04:01]} {[%emt 00:09:08]} dxe4 {[%clk
01:21:11]} {[%emt 00:02:49]} 14. Nxe4 {[%clk 00:57:14]} {[%emt 00:07:17]} Ned5
{[%clk 01:14:46]} {[%emt 00:06:55]} 15. Be3 {[%clk 00:47:01]} {[%emt 00:10:42]}
Ng4 {[%clk 01:01:34]} {[%emt 00:13:43]} 16. Re1 {[%clk 00:43:38]} {[%emt
00:03:53]} f5 {[%clk 00:54:58]} {[%emt 00:07:07]} 17. Nc5 {[%clk 00:37:31]}
{[%emt 00:06:36]} b6 {[%clk 00:54:41]} {[%emt 00:00:47]} 18. Nb3 {[%clk
00:37:43]} {[%emt 00:00:18]} Nb4 {[%clk 00:45:49]} {[%emt 00:09:22]} 19. Bc4+
{[%clk 00:33:31]} {[%emt 00:04:41]} Kh8 {[%clk 00:45:57]} {[%emt 00:00:24]} 20.
h3 {[%clk 00:32:56]} {[%emt 00:01:05]} Nxe3 {[%emt 00:04:41]} 21. fxe3 {[%clk
00:30:01]} {[%emt 00:03:22]} Bb7 {[%clk 00:36:47]} {[%emt 00:05:31]} 22. Rc1
{[%clk 00:26:36]} {[%emt 00:03:54]} 1/2-1/2

[Event "Deutsche Ländermeisterschaft 2025"]
[Site "Oer-Erkenschwick GER"]
[Date "2025.10.03"]
[Round "5"]
[White "Du, Vivian"]
[Black "Classen, Meara"]
[Result "0-1"]
[Termination "normal"]
[Board "9.8"]
[WhiteElo "1440"]
[BlackElo "1520"]
[WhiteClock "01:00:48"]
[BlackClock "00:07:39"]
[WhiteTeam "Hamburg 1"]
[BlackTeam "Saarland & Friends"]
[PlyCount "72"]
[WhiteFideId "533025924"]
[BlackFideId "34626956"]
[EventCountry "GER"]
[EventRounds "7"]
[EventType "team-swiss"]
[EventDate "2025.09.30"]

1. e4 {[%clk 01:30:59]} e6 {[%clk 01:30:53]} {[%emt 00:00:07]} 2. d4 {[%clk
01:31:23]} {[%emt 00:00:06]} d5 {[%clk 01:31:13]} {[%emt 00:00:09]} 3. exd5
{[%clk 01:31:43]} {[%emt 00:00:10]} exd5 {[%clk 01:31:34]} {[%emt 00:00:09]} 4.
Bd3 {[%clk 01:32:06]} {[%emt 00:00:07]} Nf6 {[%clk 01:31:43]} {[%emt 00:00:21]}
5. Nf3 {[%clk 01:32:18]} {[%emt 00:00:18]} Bd6 {[%clk 01:31:57]} {[%emt
00:00:16]} 6. Qe2+ {[%clk 01:32:33]} {[%emt 00:00:16]} Be6 {[%clk 01:31:07]}
{[%emt 00:01:19]} 7. Ng5 {[%clk 01:32:12]} {[%emt 00:00:50]} Qd7 {[%clk
01:28:47]} {[%emt 00:02:50]} 8. Bf5 {[%clk 01:30:41]} {[%emt 00:02:02]} O-O
{[%clk 01:22:53]} {[%emt 00:06:24]} 9. Bxe6 {[%clk 01:30:19]} {[%emt 00:00:52]}
fxe6 {[%clk 01:23:09]} {[%emt 00:00:14]} 10. O-O {[%clk 01:30:19]} {[%emt
00:00:30]} Re8 {[%clk 01:15:50]} {[%emt 00:07:49]} 11. c4 {[%clk 01:28:08]}
{[%emt 00:02:43]} h6 {[%clk 01:04:32]} {[%emt 00:11:48]} 12. Nf3 {[%clk
01:25:45]} {[%emt 00:02:53]} b6 {[%clk 01:01:11]} {[%emt 00:03:51]} 13. b3
{[%clk 01:21:55]} {[%emt 00:04:20]} Nc6 {[%clk 00:57:19]} {[%emt 00:04:21]} 14.
Bb2 {[%clk 01:21:00]} {[%emt 00:01:25]} Re7 {[%clk 00:47:51]} {[%emt 00:09:57]}
15. a3 {[%clk 01:18:24]} {[%emt 00:03:07]} Rae8 {[%clk 00:45:19]} {[%emt
00:03:02]} 16. c5 {[%clk 01:17:03]} {[%emt 00:01:52]} bxc5 {[%clk 00:38:33]}
{[%emt 00:07:15]} 17. dxc5 {[%clk 01:17:24]} {[%emt 00:00:09]} Bxc5 {[%clk
00:38:38]} {[%emt 00:00:25]} 18. Bxf6 {[%clk 01:17:44]} {[%emt 00:00:09]} gxf6
{[%clk 00:38:13]} {[%emt 00:00:54]} 19. Qc2 {[%clk 01:17:21]} {[%emt 00:00:54]}
Bd6 {[%clk 00:33:36]} {[%emt 00:05:07]} 20. Qg6+ {[%clk 01:15:22]} {[%emt
00:02:29]} Rg7 {[%clk 00:32:54]} {[%emt 00:01:12]} 21. Qxh6 {[%clk 01:15:07]}
{[%emt 00:00:45]} Ne5 {[%clk 00:30:58]} {[%emt 00:02:26]} 22. Nxe5 {[%clk
01:14:31]} {[%emt 00:01:06]} Bxe5 {[%clk 00:29:51]} {[%emt 00:01:37]} 23. Ra2
{[%clk 01:14:12]} {[%emt 00:00:49]} Ree7 {[%clk 00:26:33]} {[%emt 00:03:47]}
24. Qe3 {[%clk 01:13:17]} {[%emt 00:01:25]} Rh7 {[%clk 00:26:02]} {[%emt
00:01:01]} 25. g3 {[%clk 01:11:13]} {[%emt 00:02:34]} c6 {[%clk 00:23:52]}
{[%emt 00:02:40]} 26. Rc2 {[%clk 01:10:49]} {[%emt 00:00:54]} Bd6 {[%clk
00:18:15]} {[%emt 00:06:06]} 27. b4 {[%clk 01:10:19]} {[%emt 00:01:01]} Reg7
{[%clk 00:16:07]} {[%emt 00:02:37]} 28. Qc3 {[%clk 01:08:45]} {[%emt 00:02:05]}
f5 {[%clk 00:11:34]} {[%emt 00:05:03]} 29. Qxc6 {[%clk 01:08:29]} {[%emt
00:00:46]} Qe7 {[%clk 00:11:26]} {[%emt 00:00:37]} 30. Re1 {[%clk 01:07:13]}
{[%emt 00:01:46]} f4 {[%clk 00:10:23]} {[%emt 00:01:33]} 31. Rce2 {[%clk
01:06:03]} {[%emt 00:01:40]} fxg3 {[%clk 00:09:49]} {[%emt 00:01:04]} 32. fxg3
{[%clk 01:06:01]} {[%emt 00:00:32]} Bxg3 {[%clk 00:08:11]} {[%emt 00:02:08]}
33. hxg3 {[%clk 01:05:05]} {[%emt 00:01:27]} Rxg3+ {[%clk 00:08:03]} {[%emt
00:00:37]} 34. Kf2 {[%clk 01:04:07]} {[%emt 00:01:28]} Qf6+ {[%clk 00:07:20]}
{[%emt 00:01:12]} 35. Kxg3 {[%clk 01:00:29]} {[%emt 00:04:09]} Rg7+ {[%clk
00:07:39]} {[%emt 00:00:11]} 36. Kh3 {[%clk 01:00:48]} {[%emt 00:00:11]} Qh6#
{[%emt 00:00:08]} 0-1

[Event "Deutsche Ländermeisterschaft 2025"]
[Site "Oer-Erkenschwick GER"]
[Date "2025.10.05"]
[Round "7"]
[White "Korchynskyi, Mykola"]
[Black "Haubold, Sebastian"]
[Result "1/2-1/2"]
[Termination "normal"]
[Board "1.1"]
[WhiteTitle "FM"]
[WhiteElo "2372"]
[BlackElo "2153"]
[WhiteClock "01:25:52"]
[BlackClock "01:21:02"]
[WhiteTeam "Nordrhein-Westfalen 1"]
[BlackTeam "Sachsen-Anhalt"]
[PlyCount "66"]
[WhiteFideId "34138005"]
[BlackFideId "16259637"]
[EventCountry "GER"]
[EventRounds "7"]
[EventType "team-swiss"]
[EventDate "2025.09.30"]

1. d4 {[%clk 01:25:52]} Nf6 {[%clk 01:21:02]} 2. c4 {[%clk 01:25:52]} g6 {[%clk
01:21:02]} 3. g3 {[%clk 01:25:52]} Bg7 {[%clk 01:21:02]} 4. Bg2 {[%clk
01:25:52]} O-O {[%clk 01:21:02]} 5. Nc3 {[%clk 01:25:52]} d6 {[%clk 01:21:02]}
6. Nf3 {[%clk 01:25:52]} Nc6 {[%clk 01:21:02]} 7. O-O {[%clk 01:25:52]} a6
{[%clk 01:21:02]} 8. Bf4 {[%clk 01:25:52]} Rb8 {[%clk 01:21:02]} 9. Rc1 {[%clk
01:25:52]} Bd7 {[%clk 01:21:02]} 10. a3 {[%clk 01:25:52]} Re8 {[%clk 01:21:02]}
11. d5 {[%clk 01:25:52]} Na5 {[%clk 01:21:02]} 12. Nd2 {[%clk 01:25:52]} b5
{[%clk 01:21:02]} 13. cxb5 {[%clk 01:25:52]} axb5 {[%clk 01:21:02]} 14. b4
{[%clk 01:25:52]} Nc4 {[%clk 01:21:02]} 15. Nxc4 {[%clk 01:25:52]} bxc4 {[%clk
01:21:02]} 16. Nb1 {[%clk 01:25:52]} e6 {[%clk 01:21:02]} 17. Bg5 {[%clk
01:25:52]} Qc8 {[%clk 01:21:02]} 18. Bxf6 {[%clk 01:25:52]} Bxf6 {[%clk
01:21:02]} 19. Rxc4 {[%clk 01:25:52]} Bb5 {[%clk 01:21:02]} 20. Rc1 {[%clk
01:25:52]} exd5 {[%clk 01:21:02]} 21. Qxd5 {[%clk 01:25:52]} Bxe2 {[%clk
01:21:02]} 22. Rfe1 {[%clk 01:25:52]} Bb5 {[%clk 01:21:02]} 23. Rxe8+ {[%clk
01:25:52]} Qxe8 {[%clk 01:21:02]} 24. Bf1 {[%clk 01:25:52]} Bxf1 {[%clk
01:21:02]} 25. Kxf1 {[%clk 01:25:52]} Qe7 {[%clk 01:21:02]} 26. Nd2 {[%clk
01:25:52]} Re8 {[%clk 01:21:02]} 27. Nf3 {[%clk 01:25:52]} Qd7 {[%clk
01:21:02]} 28. Qc6 {[%clk 01:25:52]} Qxc6 {[%clk 01:21:02]} 29. Rxc6 {[%clk
01:25:52]} Ra8 {[%clk 01:21:02]} 30. Rxc7 {[%clk 01:25:52]} Rxa3 {[%clk
01:21:02]} 31. Kg2 {[%clk 01:25:52]} Rb3 {[%clk 01:21:02]} 32. Rb7 {[%clk
01:25:52]} d5 {[%clk 01:21:02]} 33. g4 {[%clk 01:25:52]} Bc3 {[%clk 01:21:02]}
1/2-1/2

[Event "Deutsche Ländermeisterschaft 2025"]
[Site "Oer-Erkenschwick GER"]
[Date "2025.10.05"]
[Round "7"]
[White "Belin, Anton"]
[Black "Gallasch, Jonas"]
[Result "0-1"]
[Termination "normal"]
[Board "1.2"]
[BlackTitle "FM"]
[WhiteElo "2124"]
[BlackElo "2304"]
[WhiteClock "01:21:10"]
[BlackClock "01:27:56"]
[WhiteTeam "Sachsen-Anhalt"]
[BlackTeam "Nordrhein-Westfalen 1"]
[PlyCount "84"]
[WhiteFideId "34610952"]
[BlackFideId "16222474"]
[EventCountry "GER"]
[EventRounds "7"]
[EventType "team-swiss"]
[EventDate "2025.09.30"]

1. e4 c6 2. d4 a6 3. c3 d5 4. Nd2 dxe4 5. Nxe4 Bf5 6. Ng3 {[%clk 01:21:10]} Bg6
{[%clk 01:27:56]} 7. h4 {[%clk 01:21:10]} h6 {[%clk 01:27:56]} 8. Nf3 {[%clk
01:21:10]} Nd7 {[%clk 01:27:56]} 9. Bd3 {[%clk 01:21:10]} Bxd3 {[%clk
01:27:56]} 10. Qxd3 {[%clk 01:21:10]} e6 {[%clk 01:27:56]} 11. Bd2 {[%clk
01:21:10]} Ngf6 {[%clk 01:27:56]} 12. O-O-O {[%clk 01:21:10]} Be7 {[%clk
01:27:56]} 13. Qe2 {[%clk 01:21:10]} O-O {[%clk 01:27:56]} 14. Nf1 {[%clk
01:21:10]} c5 {[%clk 01:27:56]} 15. g4 {[%clk 01:21:10]} cxd4 {[%clk 01:27:56]}
16. Nxd4 {[%clk 01:21:10]} Qa5 {[%clk 01:27:56]} 17. g5 {[%clk 01:21:10]} Qxa2
{[%clk 01:27:56]} 18. gxf6 {[%clk 01:21:10]} Bxf6 {[%clk 01:27:56]} 19. Be3
{[%clk 01:21:10]} Nc5 {[%clk 01:27:56]} 20. Ng3 {[%clk 01:21:10]} Rac8 {[%clk
01:27:56]} 21. Kd2 {[%clk 01:21:10]} Qxb2+ {[%clk 01:27:56]} 22. Ke1 {[%clk
01:21:10]} Qxc3+ {[%clk 01:27:56]} 23. Kf1 {[%clk 01:21:10]} Rfd8 {[%clk
01:27:56]} 24. Nf3 {[%clk 01:21:10]} Rxd1+ {[%clk 01:27:56]} 25. Qxd1 {[%clk
01:21:10]} b5 {[%clk 01:27:56]} 26. Kg2 {[%clk 01:21:10]} Qc4 {[%clk 01:27:56]}
27. Qd6 {[%clk 01:21:10]} b4 {[%clk 01:27:56]} 28. Rc1 {[%clk 01:21:10]} Bc3
{[%clk 01:27:56]} 29. Bxc5 {[%clk 01:21:10]} Rxc5 {[%clk 01:27:56]} 30. Qd8+
{[%clk 01:21:10]} Kh7 {[%clk 01:27:56]} 31. Qd1 {[%clk 01:21:10]} b3 {[%clk
01:27:56]} 32. Nd2 {[%clk 01:21:10]} Qd5+ {[%clk 01:27:56]} 33. Nde4 {[%clk
01:21:10]} Bd4 {[%clk 01:27:56]} 34. f3 {[%clk 01:21:10]} Rxc1 {[%clk
01:27:56]} 35. Qxc1 {[%clk 01:21:10]} b2 {[%clk 01:27:56]} 36. Qb1 {[%clk
01:21:10]} f5 {[%clk 01:27:56]} 37. Nd2 {[%clk 01:21:10]} a5 {[%clk 01:27:56]}
38. Ne2 {[%clk 01:21:10]} a4 {[%clk 01:27:56]} 39. Kf1 {[%clk 01:21:10]} Bf6
{[%clk 01:27:56]} 40. Ke1 {[%clk 01:21:10]} a3 {[%clk 01:27:56]} 41. Nf4 {[%clk
01:21:10]} a2 {[%clk 01:27:56]} 42. Nxd5 {[%clk 01:21:10]} axb1=Q+ {[%clk
01:27:56]} 0-1

[Event "Deutsche Ländermeisterschaft 2025"]
[Site "Oer-Erkenschwick GER"]
[Date "2025.10.05"]
[Round "7"]
[White "Möller, Maurin"]
[Black "Nönnig, Jakob"]
[Result "1-0"]
[Termination "normal"]
[Board "1.3"]
[WhiteTitle "FM"]
[WhiteElo "2317"]
[BlackElo "2129"]
[WhiteClock "01:28:24"]
[BlackClock "01:30:30"]
[WhiteTeam "Nordrhein-Westfalen 1"]
[BlackTeam "Sachsen-Anhalt"]
[PlyCount "81"]
[WhiteFideId "16265696"]
[BlackFideId "16289447"]
[EventCountry "GER"]
[EventRounds "7"]
[EventType "team-swiss"]
[EventDate "2025.09.30"]

1. d4 d5 {[%clk 01:30:30]} 2. c4 e6 {[%clk 01:30:30]} 3. Nf3 Nf6 {[%clk
01:30:30]} 4. g3 Be7 {[%clk 01:30:30]} 5. Bg2 O-O {[%clk 01:30:30]} 6. O-O c6
{[%clk 01:30:30]} 7. Qc2 b6 {[%clk 01:30:30]} 8. Ne5 {[%clk 01:28:24]} Bb7
{[%clk 01:30:30]} 9. Nc3 {[%clk 01:28:24]} Nbd7 {[%clk 01:30:30]} 10. e4 {[%clk
01:28:24]} dxe4 {[%clk 01:30:30]} 11. Nxe4 {[%clk 01:28:24]} Nxe5 {[%clk
01:30:30]} 12. dxe5 {[%clk 01:28:24]} Nxe4 {[%clk 01:30:30]} 13. Bxe4 {[%clk
01:28:24]} g6 {[%clk 01:30:30]} 14. Be3 {[%clk 01:28:24]} Qc7 {[%clk 01:30:30]}
15. c5 {[%clk 01:28:24]} Rfd8 {[%clk 01:30:30]} 16. a4 {[%clk 01:28:24]} Rd7
{[%clk 01:30:30]} 17. a5 {[%clk 01:28:24]} bxa5 {[%clk 01:30:30]} 18. Qc3
{[%clk 01:28:24]} Ba6 {[%clk 01:30:30]} 19. Rfe1 {[%clk 01:28:24]} Bb5 {[%clk
01:30:30]} 20. Rxa5 {[%clk 01:28:24]} Rad8 {[%clk 01:30:30]} 21. b4 {[%clk
01:28:24]} Bf8 {[%clk 01:30:30]} 22. Raa1 {[%clk 01:28:24]} Bg7 {[%clk
01:30:30]} 23. f4 {[%clk 01:28:24]} Qb7 {[%clk 01:30:30]} 24. Qb2 {[%clk
01:28:24]} Bc4 {[%clk 01:30:30]} 25. Rec1 {[%clk 01:28:24]} Bb5 {[%clk
01:30:30]} 26. Qg2 {[%clk 01:28:24]} Rc8 {[%clk 01:30:30]} 27. Rd1 {[%clk
01:28:24]} Rcd8 {[%clk 01:30:30]} 28. Rd6 {[%clk 01:28:24]} Rc8 {[%clk
01:30:30]} 29. Qd2 {[%clk 01:28:24]} Rdc7 {[%clk 01:30:30]} 30. Qc3 {[%clk
01:28:24]} Bf8 {[%clk 01:30:30]} 31. h4 {[%clk 01:28:24]} Rd7 {[%clk 01:30:30]}
32. h5 {[%clk 01:28:24]} a6 {[%clk 01:30:30]} 33. Kf2 {[%clk 01:28:24]} Bxd6
{[%clk 01:30:30]} 34. exd6 {[%clk 01:28:24]} f5 {[%clk 01:30:30]} 35. Bf3
{[%clk 01:28:24]} Kf7 {[%clk 01:30:30]} 36. hxg6+ {[%clk 01:28:24]} hxg6 {[%clk
01:30:30]} 37. Rh1 {[%clk 01:28:24]} Rg8 {[%clk 01:30:30]} 38. Bd1 {[%clk
01:28:24]} Ke8 {[%clk 01:30:30]} 39. Bb3 {[%clk 01:28:24]} Rh7 {[%clk
01:30:30]} 40. Qe5 {[%clk 01:28:24]} Kd8 {[%clk 01:30:30]} 41. Qf6+ {[%clk
01:28:24]} 1-0

[Event "Deutsche Ländermeisterschaft 2025"]
[Site "Oer-Erkenschwick GER"]
[Date "2025.10.05"]
[Round "7"]
[White "Polzin, Gustav"]
[Black "Neumann, Helena"]
[Result "1-0"]
[Termination "normal"]
[Board "1.4"]
[BlackTitle "WFM"]
[WhiteElo "2058"]
[BlackElo "2126"]
[WhiteClock "01:27:02"]
[BlackClock "01:24:59"]
[WhiteTeam "Sachsen-Anhalt"]
[BlackTeam "Nordrhein-Westfalen 1"]
[PlyCount "95"]
[WhiteFideId "34603280"]
[BlackFideId "16275365"]
[EventCountry "GER"]
[EventRounds "7"]
[EventType "team-swiss"]
[EventDate "2025.09.30"]

1. e4 {[%clk 01:27:02]} {[%emt 00:00:02]} c6 {[%clk 01:24:59]} 2. d4 {[%clk
01:27:02]} d5 {[%clk 01:24:59]} 3. exd5 {[%clk 01:27:02]} cxd5 {[%clk
01:24:59]} 4. Bd3 {[%clk 01:27:02]} Nc6 {[%clk 01:24:59]} 5. c3 {[%clk
01:27:02]} Qc7 {[%clk 01:24:59]} 6. Ne2 {[%clk 01:27:02]} Bg4 {[%clk 01:24:59]}
7. O-O {[%clk 01:27:02]} e6 {[%clk 01:24:59]} 8. f3 {[%clk 01:27:02]} Bh5
{[%clk 01:24:59]} 9. Qe1 {[%clk 01:27:02]} Bg6 {[%clk 01:24:59]} 10. Nf4 {[%clk
01:27:02]} Bxd3 {[%clk 01:24:59]} 11. Nxd3 {[%clk 01:27:02]} Bd6 {[%clk
01:24:59]} 12. Qh4 {[%clk 01:27:02]} Nge7 {[%clk 01:24:59]} 13. Bf4 {[%clk
01:27:02]} Nf5 {[%clk 01:24:59]} 14. Bxd6 {[%clk 01:27:02]} Qxd6 {[%clk
01:24:59]} 15. Qf2 {[%clk 01:27:02]} O-O {[%clk 01:24:59]} 16. Nd2 {[%clk
01:27:02]} f6 {[%clk 01:24:59]} 17. f4 {[%clk 01:27:02]} Rae8 {[%clk 01:24:59]}
18. Rae1 {[%clk 01:27:02]} b6 {[%clk 01:24:59]} 19. g4 {[%clk 01:27:02]} Nh6
{[%clk 01:24:59]} 20. Qg2 {[%clk 01:27:02]} Nf7 {[%clk 01:24:59]} 21. Nf3
{[%clk 01:27:02]} Qd7 {[%clk 01:24:59]} 22. h3 {[%clk 01:27:02]} Nd6 {[%clk
01:24:59]} 23. Nd2 {[%clk 01:27:02]} Qf7 {[%clk 01:24:59]} 24. Re2 {[%clk
01:27:02]} h5 {[%clk 01:24:59]} 25. Rfe1 {[%clk 01:27:02]} Re7 {[%clk
01:24:59]} 26. Qg3 {[%clk 01:27:02]} Rfe8 {[%clk 01:24:59]} 27. Kg2 {[%clk
01:27:02]} Nc4 {[%clk 01:24:59]} 28. Nf3 {[%clk 01:27:02]} Nd6 {[%clk
01:24:59]} 29. Nf2 {[%clk 01:27:02]} Rd8 {[%clk 01:24:59]} 30. Nh4 {[%clk
01:27:02]} g5 {[%clk 01:24:59]} 31. fxg5 {[%clk 01:27:02]} fxg5 {[%clk
01:24:59]} 32. gxh5 {[%clk 01:27:02]} Qxh5 {[%clk 01:24:59]} 33. Nf3 {[%clk
01:27:02]} Rf8 {[%clk 01:24:59]} 34. Qg4 {[%clk 01:27:02]} Qxg4+ {[%clk
01:24:59]} 35. Nxg4 {[%clk 01:27:02]} Ne4 {[%clk 01:24:59]} 36. Nd2 {[%clk
01:27:02]} Nxd2 {[%clk 01:24:59]} 37. Rxd2 {[%clk 01:27:02]} Nd8 {[%clk
01:24:59]} 38. Rde2 {[%clk 01:27:02]} Kg7 {[%clk 01:24:59]} 39. Re5 {[%clk
01:27:02]} Nf7 {[%clk 01:24:59]} 40. Rxe6 {[%clk 01:27:02]} Rxe6 {[%clk
01:24:59]} 41. Rxe6 {[%clk 01:27:02]} b5 {[%clk 01:24:59]} 42. Re7 {[%clk
01:27:02]} b4 {[%clk 01:24:59]} 43. Rxa7 {[%clk 01:27:02]} bxc3 {[%clk
01:24:59]} 44. bxc3 {[%clk 01:27:02]} Kg6 {[%clk 01:24:59]} 45. Ra6+ {[%clk
01:27:02]} Kg7 {[%clk 01:24:59]} 46. Nf6 {[%clk 01:27:02]} Rd8 {[%clk
01:24:59]} 47. Kg3 {[%clk 01:27:02]} Nd6 {[%clk 01:24:59]} 48. Rxd6 {[%clk
01:27:02]} 1-0

[Event "Deutsche Ländermeisterschaft 2025"]
[Site "Oer-Erkenschwick GER"]
[Date "2025.10.05"]
[Round "7"]
[White "Müller, Konstantin"]
[Black "Voigt, Anastasia"]
[Result "1-0"]
[Termination "normal"]
[Board "1.5"]
[WhiteElo "2035"]
[BlackElo "1894"]
[WhiteClock "01:27:02"]
[BlackClock "01:30:30"]
[WhiteTeam "Nordrhein-Westfalen 1"]
[BlackTeam "Sachsen-Anhalt"]
[PlyCount "83"]
[WhiteFideId "34661778"]
[BlackFideId "16235223"]
[EventCountry "GER"]
[EventRounds "7"]
[EventType "team-swiss"]
[EventDate "2025.09.30"]

1. e4 c6 {[%clk 01:30:30]} 2. d4 d5 {[%clk 01:30:30]} 3. Nd2 dxe4 {[%clk
01:30:30]} 4. Nxe4 Nf6 {[%clk 01:30:30]} 5. Nxf6+ exf6 {[%clk 01:30:30]} 6. c3
Bd6 {[%clk 01:30:30]} 7. Bd3 O-O {[%clk 01:30:30]} 8. Qc2 Re8+ {[%clk
01:30:30]} 9. Ne2 h6 {[%clk 01:30:30]} 10. O-O Nd7 {[%clk 01:30:30]} 11. Bf4
Nf8 {[%clk 01:30:30]} 12. Bxd6 Qxd6 {[%clk 01:30:30]} 13. Rae1 Be6 {[%clk
01:30:30]} 14. Ng3 {[%clk 01:27:02]} g6 {[%clk 01:30:30]} 15. Ne4 {[%clk
01:27:02]} Qd8 {[%clk 01:30:30]} 16. Nc5 {[%clk 01:27:02]} b6 {[%clk 01:30:30]}
17. Nxe6 {[%clk 01:27:02]} Nxe6 {[%clk 01:30:30]} 18. Re3 {[%clk 01:27:02]} f5
{[%clk 01:30:30]} 19. Rfe1 {[%clk 01:27:02]} Qf6 {[%clk 01:30:30]} 20. Bc4
{[%clk 01:27:02]} Rad8 {[%clk 01:30:30]} 21. Bxe6 {[%clk 01:27:02]} Rxe6 {[%clk
01:30:30]} 22. Rxe6 {[%clk 01:27:02]} fxe6 {[%clk 01:30:30]} 23. Qa4 {[%clk
01:27:02]} Qe7 {[%clk 01:30:30]} 24. Qxc6 {[%clk 01:27:02]} Kf7 {[%clk
01:30:30]} 25. h3 {[%clk 01:27:02]} Rd6 {[%clk 01:30:30]} 26. Qf3 {[%clk
01:27:02]} Rd7 {[%clk 01:30:30]} 27. Re5 {[%clk 01:27:02]} Qf6 {[%clk
01:30:30]} 28. g3 {[%clk 01:27:02]} g5 {[%clk 01:30:30]} 29. a4 {[%clk
01:27:02]} Rd6 {[%clk 01:30:30]} 30. a5 {[%clk 01:27:02]} bxa5 {[%clk
01:30:30]} 31. Qa8 {[%clk 01:27:02]} Rd7 {[%clk 01:30:30]} 32. Rxa5 {[%clk
01:27:02]} Qe7 {[%clk 01:30:30]} 33. Ra6 {[%clk 01:27:02]} Kg7 {[%clk
01:30:30]} 34. Qb8 {[%clk 01:27:02]} Kf7 {[%clk 01:30:30]} 35. Qh8 {[%clk
01:27:02]} Kg6 {[%clk 01:30:30]} 36. Kh2 {[%clk 01:27:02]} h5 {[%clk 01:30:30]}
37. Qe5 {[%clk 01:27:02]} Kf7 {[%clk 01:30:30]} 38. c4 {[%clk 01:27:02]} Rb7
{[%clk 01:30:30]} 39. d5 {[%clk 01:27:02]} Rb6 {[%clk 01:30:30]} 40. dxe6+
{[%clk 01:27:02]} Qxe6 {[%clk 01:30:30]} 41. Rxa7+ {[%clk 01:27:02]} Kg6 {[%clk
01:30:30]} 42. Qg7# {[%clk 01:27:02]} 1-0